Indian States with the Highest Percentage of Christians - Statistics

General Stats
  • This quiz has been taken 48 times
  • The average score is 5 of 8
Answer Stats
Hint Answer % Correct
18.38% Kerala
85%
87.93% Nagaland
78%
25.10% Goa
73%
74.59% Meghalaya
65%
87.16% Mizoram
65%
41.29% Manipur
63%
30.26% Arunachal Pradesh
58%
21.28% Andaman and Nicobar Islands
40%
No matching quizzes found
Score Distribution
Percent of People with Each Score
Percentile by Number Answered
Your Score History
You have not taken this quiz